Champions League Clubs With Most Points Per Game - Statistics

General Stats
  • This quiz has been taken 92 times
    78 since last reset
  • The average score is 24 of 31
Answer Stats
PPG GP W D L Club % Correct
2,00 265 156 63 46 FC Barcelona
100%
1,97 279 165 54 60 Real Madrid
100%
1,82 230 121 56 53 Manchester United
97%
1,82 121 66 22 33 Paris Saint-Germain
97%
1,94 260 150 54 56 Bayern Munich
96%
1,81 90 49 16 25 Manchester City
96%
1,79 177 89 50 38 Chelsea
95%
1,60 123 55 32 36 Inter Milan
95%
1,76 207 104 53 50 Juventus
95%
1,61 132 61 29 42 Borussia Dortmund
93%
1,64 165 74 49 42 AC Milan
92%
1,73 132 65 34 33 Liverpool
92%
1,72 101 48 30 23 Atlético Madrid
91%
1,64 177 83 41 53 Arsenal
89%
1,46 126 50 34 42 AFC Ajax
87%
1,54 136 58 36 42 Olympique Lyonnais
85%
1,53 45 20 9 16 Tottenham Hotspur
85%
1,57 112 48 32 32 Valencia
79%
1,67 48 23 11 14 Sevilla
77%
1,54 198 86 47 65 FC Porto
75%
1,55 42 18 11 13 SSC Napoli
75%
1,38 52 19 15 18 SS Lazio
60%
1,45 66 27 15 24 Schalke 04
59%
1,36 78 30 16 32 AS Monaco
56%
1,75 16 9 1 6 VfL Wolfsburg
56%
1,63 24 12 3 9 RB Leipzig
55%
1,41 17 7 3 7 Atalanta
47%
1,58 26 11 8 7 ACF Fiorentina
44%
1,56 34 15 8 11 FC Girondins de Bordeaux
44%
1,45 58 23 15 20 Deportivo La Coruña
37%
1,44 16 6 5 5 Leeds United
35%
No matching quizzes found
Score Distribution
Percent of People with Each Score
Percentile by Number Answered
Your Score History
You have not taken this quiz since the last reset